000 01003nam a2200253 4500
008 100208s1983 nyu b 001 0 eng
020 _a0809103281
020 _a0809124475 :USD9.10
041 1 _aengfregrc
090 _aBR45
_bC56tr
100 0 _aGregory Palamas,
_cSaint,
_d1296-1359.
240 1 0 _aApology for the Holy Hesychasts.
_lEnglish.
_kSelections
245 1 4 _aThe triads /
_cGregory Palamas ; edited, with an introduction by John Meyendorff ; translation by Nicholas Gendle ; preface by Jaroslav Pelikan.
260 _aNew York :
_bPaulist Press,
_cc1983.
300 _axiii, 172 p. ;
_c23 cm.
490 1 _aThe Classics of Western spirituality
504 _aIncludes bibliographical references and indexes.
610 2 4 _aOrthodox Eastern Church
_xDoctrines.
650 4 _aHesychasm.
650 4 _aSpiritual life
_xOrthodox Eastern Church.
700 1 _aMeyendorff, John,
_d1926-1992.
951 _p33568
_x00038711
_oREFBR45/C56tr
_j100208130450937
_d2000-12-21
_cREF
999 _c34012
_d34012